[Event "Yerevan op 2nd"]
[Site "Yerevan"]
[Date "2017.09.24"]
[Round "6"]
[White "Grigorian, Marine"]
[Black "Kocharyan, Hayk"]
[Result "1-0"]
[WhiteElo "2183"]
[BlackElo "1737"]
[PlyCount "65"]
[EventDate "2017.09.19"]
[EventType "swiss"]
[EventRounds "9"]
[EventCountry "ARM"]
[SourceTitle "CBM 180 Extra"]
[Source "ChessBase"]
[SourceDate "2017.10.06"]
[SourceVersion "1"]
[SourceVersionDate "2017.10.06"]
[SourceQuality "1"]

1. d4 Nf6 2. c4 d6 3. Nf3 Nbd7 4. Nc3 e5 5. e4 Be7 6. Be2 0-0 7. 0-0 Re8 8. d5 c6 9. Be3 Ng4 10. Bd2 a6 11. h3 Ngf6 12. Be3 cxd5 13. cxd5 b5 14. Nd2 Bb7 15. b4 Rc8 16. Qb3 Nb8 17. a4 bxa4 18. Nxa4 Nfd7 19. Nc4 f5 20. f3 f4 21. Bf2 Bf8 22. Na5 Rc7 23. Rfe1 Qc8 24. Qb2 Ba8 25. Bb6 Nxb6 26. Nxb6 Qd8 27. Nxa8 Ra7 28. b5 Rxa8 29. b6 Re7 30. b7 Ra7 31. Nc6 Nxc6 32. dxc6 Rc7 33. b8Q 1-0